Estadísticas para Ciudades que...

Haz click aquí para intentar la prueba.

Estadísticas generales

  • Esta prueba ha sido intentada 92 veces
  • La puntuación promedio es 10 de 14

Estadísticas de respuestas

AfirmaciónCiudad% Correcto
Tenga una de las 3 principales bolsas de valores del mundo.Londres, Nueva York, Tokio
85%
Tenga un parque Disney fuera de los Estados Unidos.Tokio, Shanghái, Paris
85%
Esté dentro de las 5 más pobladas de Austria.Viena, Innsbruck, Linz, Graz, Salzburgo
84%
Sea una ciudad-estado.Ciudad del Vaticano, Mónaco, Singapur, Hong Kong, Macao
82%
Sea una de las 3 capitales de Sudáfrica.Bloemfontein, Ciudad del Cabo, Pretoria
79%
Comience con Q.Quebec, Querétaro, Qingdao, Quito, Qom
78%
Tenga un museo Guggenheim.Bilbao, Nueva York, Abu Dabi, Venecia
76%
Sea una de las 2 megalópolis mundiales.Tokio, Nueva York
76%
Haya hecho aparición en la serie "Modern Family".Honolulu, Paris, Sídney, Los Ángeles, Nueva York, Branson, Ciudad Juárez, Las Vegas
75%
Se encuentre en Hawaii.Honolulu, Pearl City, Hilo, Kailua, Waipahu, Kaneohe
75%
Capital de un país que empiece con Z.Lusaka, Harare
64%
Más poblada de un país que lleve la letra X.Ciudad de México, Luxemburgo
60%
Albergue alguna de las 7 maravillas del mundo moderno.Petra, Cuzco, Agra, Mérida, Rio de Janeiro, Xi'an, Roma
60%
Tenga uno de los 3 sitios retirados de la lista del Patrimonio Mundial de la UNESCO.Dresde, Liverpool, Nafun
10%

Distribución de puntuación

Porcentaje por número respondido

Porcentaje de gente con cada puntuación

Historial de tus puntuaciones

No has intentado esta prueba.